Statistics for Cities with the Most Opera Performances

Click here to take the quiz!

General Stats

  • This quiz has been taken 24,708 times
    (11,609 since last reset)
  • The average score is 11 of 20

Answer Stats

#City% Correct
147Paris
97%
472London
95%
295New York City
95%
268Berlin
91%
101Madrid
86%
150Moscow
86%
301Vienna
83%
111Sydney
71%
189Munich
68%
231Prague
61%
128Budapest
60%
114Zurich
54%
192Hamburg
52%
106Birmingham
27%
129Stuttgart
23%
332Dresden
20%
114Leipzig
17%
112Verona
12%
117Tallinn
10%
104Cardiff
8%

Score Distribution

Percentile by Number Answered

Percent of People with Each Score

Your Score History

You have not taken this quiz since the last reset